| 000 | 00626nam a22002297a 4500 | ||
|---|---|---|---|
| 999 |
_c1035 _d1035 |
||
| 001 | 13342 | ||
| 003 | BD-DhUAP | ||
| 005 | 20250312122011.0 | ||
| 008 | 200202s2010 bg ||||| b||| 00| 0 eng d | ||
| 020 | _a9848470867 | ||
| 040 |
_aBD-DhUAP _bEng _cBD-DhUAP _dBD-DhUAP |
||
| 082 |
_223 _a349.5492 KHA |
||
| 100 | _aKhan, Zakir Hossain. | ||
| 245 |
_aHindu law of Bangladesh / _cZakir Hossain Khan. |
||
| 250 | _a1st ed. | ||
| 260 |
_aDhaka : _bLaw book com., _cc2010. |
||
| 300 |
_alx, 564 pages ; _c22 cm. |
||
| 504 | _aIncludes bibliographies. | ||
| 650 |
_aHindu law _zBangladesh. |
||
| 650 | _aHinduism. | ||
| 942 |
_2ddc _cBK |
||